LIBRARY & INFORMATION CENTRE, KCAET, TAVANUR

ONLINE PUBLIC ACCESS CATALOGUE (OPAC)

Concise handbook of civil engineering / (Record no. 10660)

MARC details
000 -LEADER
fixed length control field 00450cam a2200181ua 4500
003 - CONTROL NUMBER IDENTIFIER
control field OSt
008 - FIXED-LENGTH DATA ELEMENTS--GENERAL INFORMATION
fixed length control field 250422b |||||||| |||| 00| 0 eng d
041 ## - LANGUAGE CODE
Language code of text/sound track or separate title eng
082 ## - DEWEY DECIMAL CLASSIFICATION NUMBER
Classification number 624.028
Item number VAZ/CO
100 ## - MAIN ENTRY--AUTHOR NAME
Personal name Vazirani, V N .
245 ## - TITLE STATEMENT
Title Concise handbook of civil engineering /
250 ## - EDITION STATEMENT
Edition statement 1 /
260 ## - PUBLICATION, DISTRIBUTION, ETC. (IMPRINT)
Place of publication New Delhi :
Name of publisher S.Chand & Sons ,
Year of publication 1993.
300 ## - PHYSICAL DESCRIPTION
Number of Pages 984 ; .
500 ## - GENERAL NOTE
General note *CSS
700 1# - ADDED ENTRY--PERSONAL NAME
Personal name Chandala, S P .
942 ## - ADDED ENTRY ELEMENTS (KOHA)
Koha item type Books
Holdings
Withdrawn status Lost status Damaged status Home library Current library Date acquired Full call number Accession Number Koha item type Shelving location
      KAUAET KAUAET 07/04/2012 624.028 VAZ/CO 21783 Books  
      KAUAET KAUAET 23/07/2018 028.71624 VAZ/CO 17923 Book Bank scheme for SC students Scheme
      KAUAET KAUAET 23/07/2018 028.71624 VAZ/CO 17922 Book Bank scheme for SC students Scheme
free website counter